La Strda Per Roma

Na minha lista:
Detalhes bibliográficos
Autor principal: Paolo Volponi
Formato: Livro
Idioma:idioma desconhecido
Publicado em: Edizione Cde
Tags: Adicionar Tag
Sem tags, seja o primeiro a adicionar uma tag!

MARC

LEADER 00000nam a2200000Ia 4500
001 R-327
003 CODICE-MESSINA
005 20260212102450.0
008 260211s9999 xx 000 0 und d
040 |c importazione_messina 
100 |a Paolo Volponi 
245 0 |a La Strda Per Roma 
260 |b  Edizione Cde 
942 |2 ddc  |c BK 
952 |0 0  |1 0  |2 ddc  |4 0  |6 SCAFFALE_4_000000000000000__LETTERATURA  |7 0  |9 31149  |a ME  |b ME  |d 2026-02-11  |l 0  |o SCAFFALE 4 - LETTERATURA  |p R-327  |r 2026-02-11 23:52:22  |w 2026-02-11  |x [REVISIONARE]  |y BK 
999 |c 26811  |d 26811